000
00283nam a22001217a 4500
008
170712b xxu||||| |||| 00| 0 eng d
041
_a
eng
080
_2
6 ED
_a
05
100
_a
23
101
_a
ENC
245
_a
ENCYCLOPEDIA OF SCIENCE TECHNOLOGY
_c
MCGGRAW.H
942
_2
udc
_c
BK
999
_c
20248
_d
20248